000 01050nam a2200301 c 4500
003 BLK
005 20180420224551.0
008 180408b bul|||||r ||||||| ||bul||
010 _aKNG00085467000
020 _a978-954-9321-12-8
_bиздат.: Ибис
040 _aBLK
041 _aBUL
_cBUL
080 _aНемска литература
_b821.112.2
_x-31
_z821.112.2-31
100 1 _aТимайер, Томас
_eпърви автор
_9128827
700 1 _aМоллова, Стефана
_eпрев. от нем.
_9299900
139 _aТимайер, Томас
_bТ 55
245 1 0 _aРептилия
_cТомас Тимайер; прев. от нем. Стефана Моллова.
257 _aDEU
260 София
_bИбис
_c2008
_fСофия : Инвестпрес
300 _a299 с.
_c20 см
380 _aX
500 _aОриг. загл. Reptilia / Thomas Thiemeyer
852 _aЦб 241237
856 4 _qpdf
_u
856 4 _qpdf
_u
942 _cKNG
_n0
944 _aCR
_c08.09.2008
_kГеновева_Генчева
944 _aED
_c15.02.2013
_k
999 _c80972
_d80972